KFZ-Kennzeichen Bayern - Statistiken

Allgemein
  • Dieses Quiz wurde 408 mal gespielt
    286 seit der letzten Aktualisierung
  • Das Durchschnittsergebnis liegt bei 47 aus 150
Antwortstatistiken
Hint Antwort % Korrekt
A Augsburg
95%
DEG Deggendorf
71%
AM Amberg
69%
BA Bamberg
69%
CO Coburg
69%
M München
67%
Altötting
66%
AB Aschaffenburg
65%
Fürth
65%
FÜS Füssen
65%
AN Ansbach
63%
CHA Cham
63%
DAH Dachau
63%
DGF Dingolfing
63%
FFB Fürstenfeldbruck
63%
N Nürnberg
63%
ER Erlangen
61%
AIC Aichach
59%
IN Ingolstadt
58%
LA Landshut
58%
ED Erding
57%
R Regensburg
56%
FO Forchheim
55%
FS Freising
54%
BT Bayreuth
52%
AIB Bad Aibling
51%
GAP Garmisch-Partenkirchen
51%
EI Eichstätt
49%
BGD Berchtesgaden
48%
BGL Berchtesgadener Land
48%
BOG Bogen
46%
EBE Ebersberg
46%
MUC München
44%
REG Regen
44%
PA Passau
43%
PAF Pfaffenhofen
43%
DON Donauwörth
42%
GZ Günzburg
42%
KEH Kelheim
42%
ERH Erlangen, Höchstadt
41%
KE Kempten
41%
LAN Landau
41%
ALZ Alzenau
40%
LL Landsberg am Lech
40%
TÖL Bad Tölz
39%
HO Hof
39%
LAU Lauf
39%
MM Memmingen
39%
DLG Dillingen
38%
GUN Gunzenhausen
37%
MB Miesbach
37%
EG Eggenfelden
36%
FRG Freyung, Grafenau
35%
FDB Friedberg
35%
RO Rosenheim
35%
Würzburg
35%
GRA Grafenau
34%
ILL Illertissen
34%
Mühldorf
34%
HAS Haßfurt
33%
KF Kaufbeuren
33%
KU Kulmbach
33%
STA Starnberg
33%
OA Oberallgäu
32%
KC Kronach
31%
LIF Lichtenfels
31%
LI Lindau
31%
OAL Ostallgäu
31%
EBN Ebern
29%
MIL Miltenberg
29%
PEG Pegnitz
29%
SR Straubing
29%
FEU Feuchtwangen
28%
KT Kitzingen
28%
MSP Main, Spessart
28%
NEA Neustadt an der Aisch
28%
DKB Dinkelsbühl
27%
GEO Gerolzhofen
25%
HÖS Höchstadt
25%
NAB Nabburg
25%
NM Neumarkt
25%
Nördlingen
25%
TS Traunstein
25%
SAD Schwandorf
24%
KG Bad Kissingen
23%
EBS Ebermannstadt
23%
NU Neu-Ulm
23%
BUL Burglengenfeld
22%
HEB Hersbruck
22%
KEM Kemnath
22%
KRU Krumbach
22%
LF Laufen
22%
MN Mindelheim
22%
NAI Naila
22%
RH Roth
22%
PAN Pfarrkirchen
21%
ESB Eschenbach
20%
MÜB Münchberg
20%
NEW Neustadt an der Waldnaab
20%
NEC Neustadt bei Coburg
20%
OCH Ochsenfurt
20%
SW Schweinfurt
20%
TIR Tirschenreuth
20%
WUN Wunsiedel
20%
BRK Bad Brückenau
19%
KÖZ Bad Kötzting
18%
MAI Mainburg
18%
OVI Oberviechtach
18%
REH Rehau
18%
ROD Roding
18%
SC Schwabach
17%
AS Amberg, Sulzbach-Rosenberg
16%
MAK Marktredwitz
16%
ND Neuburg an der Donau
16%
PAR Parsberg
16%
VIB Vilsbiburg
16%
WEN Weiden
15%
KÖN Bad Königshofen
14%
HAB Hammelburg
14%
SEL Selb
14%
WM Weilheim
14%
MOD Marktoberdorf
13%
SOG Schongau
13%
VIT Viechtach
13%
WS Wasserburg
13%
NES Bad Neustadt an der Saale
12%
STE Bad Staffelstein
12%
HIP Hilpoldstein
12%
HOH Hofheim
12%
NEN Neunburg
12%
OBB Obernburg
12%
SOB Schrobenhausen
12%
WUG Weißenburg
12%
WOR Wolfratshausen
12%
ROT Rothenburg ob der Tauber
11%
VOH Vohenstrauß
11%
GRI Bad Griesbach
10%
REI Bad Reichenhall
10%
MET Mellrichstadt
10%
RID Riedenburg
10%
SMÜ Schwabmünchen
10%
SUL Sulzbach-Rosenberg
10%
UFF Uffenheim
10%
WOS Wolfstein
10%
SEF Scheinfeld
8%
SAN Stadtsteinach
8%
WÜM Waldmünchen
8%
ROL Rottenburg an der Laaber
6%
WER Wertingen
6%
MAL Mallersdorf-Pfaffenberg
5%
Keine übereinstimmenden Quizze gefunden
Verteilung der Resultate
Anzahl Personen mit jedem Resultat
Perzentil nach korrekt beantworteten Fragen
Ihre Resultats-Entwicklung
Sie haben dieses Quiz seit der letzten Aktualisierung nicht gespielt